| 000 | 01356nam a2200289 i 4500 | ||
|---|---|---|---|
| 001 | 000028666 | ||
| 003 | DO-SdBNP | ||
| 005 | 20240612120210.0 | ||
| 006 | a||||gr|||| 00| 0 | ||
| 008 | 110411n19uu dr ad 001 0 spa d | ||
| 040 |
_aDO-SdBNP _bspa _cBNPHU _erda |
||
| 082 | 4 |
_222 _aR426d |
|
| 110 | 1 |
_aRepública Dominicana. _bSecretaría de Estado de Educación, Bellas Artes y Cultos. _bDirección General de Cultura. _955635 |
|
| 245 | 1 | 0 |
_aDirectorio: _bSistema Nacional de Información Cultural (SINICU). |
| 264 |
_a[Santo Domingo] : _bUNESCO-ORCALC, _c[199-?]. |
||
| 300 |
_a72 páginas : _bilustraciones, gráficas ; _c21cm. |
||
| 336 |
_2rdacontent _atexto _btxt |
||
| 337 |
_2rdamedia _asin mediación _bn |
||
| 338 |
_2rdacarrier _avolumen _bnc |
||
| 505 | 0 |
_gIntroducción -- _tMedios de Comunicación: _tPrensa escrita -- _tEmisoras radiales (AM) -- _tEmisoras radiales (FM) -- _tCanales de televisión -- _tBibliotecas -- _tUniversidades -- _tEditoras -- _tOrganismos internacionales -- _tEmbajadas -- _tRegionales de Educación. |
|
| 590 | _aInventariado 2024 / MF | ||
| 650 | 4 |
_aSistemas nacionales de información _xDirectorios _955636 |
|
| 650 | 4 |
_aOrganizaciones culturales _zRepública Dominicana _xDirectorios _955637 |
|
| 650 | 4 |
_aInstituciones sociales _xDirectorios _955638 |
|
| 910 | _aValidado. Control de calidad EMS | ||
| 942 |
_2ddc _cLBS1 |
||
| 999 |
_c28158 _d28158 |
||